| 000 | 00752cam a22002291 4500 | ||
|---|---|---|---|
| 001 | f 30000032 | ||
| 003 | DLC | ||
| 005 | 20260227111249.0 | ||
| 008 | 930707s1930 dcua 000 0 eng | ||
| 010 | _af 30000032 | ||
| 035 | _a(OCoLC)28388423 | ||
| 040 |
_aDLC _cNcD _dDLC |
||
| 050 | 0 | 0 |
_aSH351.S75 _bG5 |
| 100 | 1 |
_aGinsburg, Isaac, _d1886- |
|
| 245 | 1 | 0 |
_aCommercial snappers (Lutianidae) of Gulf of Mexico, _cby Isaac Ginsburg. |
| 260 |
_aWashington, _bU.S. Govt. print. off. _c1930. |
||
| 300 |
_a1 p. l., p. 265-276, _billus. _c28 cm. |
||
| 490 | 0 |
_aUnited States Bureau of fisheries Dec. _vno. 1080. |
|
| 500 | _aFrom Bulletin of the Bureau of fisheries, vol. xlvi, 1930. | ||
| 650 | 0 |
_aFisheries _zMexico, Gulf of. |
|
| 650 | 0 | _aLutjanidae. | |
| 999 |
_c23311 _d23311 |
||